Breiter fortschritt - unsichere zukunft: Lateinamerika nach zwei verlorenen jahrzehnten /
Đã lưu trong:
| Tác giả chính: | |
|---|---|
| Định dạng: | Texto |
| Các nhãn: |
Thêm thẻ
Không có thẻ, Là người đầu tiên thẻ bản ghi này!
|
MARC
| LEADER | 00000 a a2200000 04500 | ||
|---|---|---|---|
| 001 | 47105 | ||
| 003 | |||
| 040 | |||
| 100 | |a Knoop, Joachim | ||
| 245 | |a Breiter fortschritt - unsichere zukunft: |b Lateinamerika nach zwei verlorenen jahrzehnten / |c Joachim Knoop | ||
| 773 | |g número3, (2010), páginas 11-20 : tabla | ||
| 999 | |c 29190 |d 29190 | ||
